000 00394nam a22001457a 4500
020 _qPB.
040 _cFIZZA ISHAQ
082 _a301
_bMAC
100 _aMacionis , John J.
_924723
245 _aSociety: The Basics /
_cJohn J. Macionis.
250 _a9th ED.
260 _aNew Jersey:
_bPearson College,
_c2007.
300 _a560 P. ; ill ,
_c‎8.5 x 0.75 x 10.75 inches,
942 _2ddc
_cBK
999 _c617224
_d617224